Experimental methods for engineers /
Guardado en:
| Autor Principal: | |
|---|---|
| Formato: | Libro |
| Idioma: | English |
| Publicado: |
New York :
McGraw-Hill,
1971.
|
| Edición: | 2nd ed. |
| Materias: | |
| Etiquetas: |
Agregar Etiqueta
Sin Etiquetas, Sea el primero en etiquetar este registro!
|
| LEADER | 00810cam a2200253 a 4500 | ||
|---|---|---|---|
| 001 | EIQ.libpla004510 | ||
| 008 | 710609s1971####nyua#####b####001#0#eng## | ||
| 005 | 20150420124618.0 | ||
| 245 | 1 | 0 | |a Experimental methods for engineers / |c J. P. Holman. |
| 250 | |a 2nd ed. | ||
| 260 | |a New York : |b McGraw-Hill, |c 1971. | ||
| 300 | |a xvi, 423 p. : |b il. ; |c 21 cm. | ||
| 504 | |a Incluye referencias bibliográficas. | ||
| 020 | |a 0070295956 | ||
| 100 | 1 | |a Holman, J. P. |q (Jack Philip) | |
| 082 | 0 | 0 | |a 620.0028 |
| 650 | 0 | |a Engineering |x Laboratory manuals. | |
| 650 | 0 | |a Engineering instruments. | |
| 650 | 0 | |a Instrumental de ingeniería | |
| 650 | 0 | |a Ingeniería |x Manual de Laboratorio | |
| 010 | |a 77148990 | ||
| 040 | |a DLC |c DLC |d DLC | ||
| 050 | 0 | 0 | |a TA152 |b .H6 1971 |
| 859 | |a AR-BbSID |b BIB. PLAPIQUI |h 620.0028 |i H731 |p 6389 | ||
